000 00299nam a22001337a 4500
008 170308b xxu||||| |||| 00| 0 eng d
020 _a9780805341966
041 _aeng
080 _24TH
_a611
100 _a6
101 _aSHM
245 _aHUMAN ANATOMY & PHYSIOLOGY
_cMARIEB, E.N
942 _2udc
_cBK
999 _c7062
_d7062